000
00323nam a2200133Ia 4500
008
190723s9999 xx 000 0 und d
020
_a
978-93-392-1311-4
100
_a
Raghu Ramakrishan
245
0
_a
Database Mangement Systems
250
_a
3rd
260
_a
Chennai
_b
McGraw Hill
_c
2014
300
_a
1065.:p
942
_c
BK
999
_c
1713
_d
1713